000 00563nam a2200217Ia 4500
003 OSt
005 20220923230913.0
006 a|||||r|||| 00| 0
007 ta
008 Pun
024 _a306,344
037 _cTextual
040 _aARTS
_cARTS
_bPun
041 _2Pun
_aPun
082 _aO153,6NAZx, L7
100 _aਆਜਿਗ਼, ਸੰਤਾ ਸਿੰਘ
245 0 _aਐਸੀ ਦFਾ ਹਮਾਰੀ
260 _c1987
942 _hO153,6NAZx, L7
_cTEXL
_2CC
999 _c388130
_d388130